Terre et ciel / (Record no. 163423)

MARC details
000 -LEADER
campo de control de longitud fija 00718nam a2200193 i 4500
001 - NÚMERO DE CONTROL
campo de control 163423
003 - IDENTIFICADOR DE NÚMERO DE CONTROL
campo de control ES-MaACL
005 - FECHA Y HORA DE LA ÚLTIMA TRANSACCIÓN
campo de control 20251015063143.0
008 - DATOS DE LONGITUD FIJA--INFORMACIÓN GENERAL
campo de control de longitud fija 980701s1864 fr |||| | fre d
040 ## - FUENTE DE CATALOGACIÓN
Centro catalogador/agencia de origen EXT
Lengua de catalogación spa
Centro/agencia transcriptor EXT
100 1# - ENTRADA PRINCIPAL--NOMBRE DE PERSONA
Nombre de persona Reynaud, Jean,
Fechas asociadas al nombre 1806-1863
9 (RLIN) 131759
245 10 - MENCIÓN DEL TÍTULO
Título Terre et ciel /
Mención de responsabilidad, etc. par Jean Reynaud.
250 ## - MENCION DE EDICION
Mención de edición 4ème éd.
260 ## - PUBLICACIÓN, DISTRIBUCIÓN, ETC.
Lugar de publicación, distribución, etc. Paris :
Nombre del editor, distribuidor, etc. Furne et Cie,
Fecha de publicación, distribución, etc. 1864.
300 ## - DESCRIPCIÓN FÍSICA
Extensión 505, 21, 31 p. ;
Dimensiones 18 cm.
505 8# - NOTA DE CONTENIDO CON FORMATO
Nota de contenido con formato Contiene: De la mémoire dans l'immortalité -- Réponse au Concile de Périgueux
852 ## - LOCALIZACIÓN
Ubicación ES-MaACL
Número de control de estantería G-8800
Nota libre -- Enc. hol.
Encuadernación -- Completar T260: (Typographie de Renod et Maulde) -- T500:Precede al tit.: Philosophie religieuse
Holdings
Estatus retirado Estado de pérdida Estado de daño No para préstamo Colección Biblioteca de origen Biblioteca actual Ubicación en estantería Fecha de adquisición Fuente de adquisición Total de préstamos Signatura topográfica completa Código de barras Visto por última vez Precio de reemplazo Tipo de ítem Koha
        Libros del s. XIX Biblioteca del Ateneo de Madrid Biblioteca del Ateneo de Madrid Sala Pecera Planta 3 17/01/2008     G-8800 1171252 23/02/2023 23/02/2023 Libro impreso antiguo